000 00439nmm a2200169Ia 4500
008 251105s9999||||xx |||||||||||||||||und||
020 _a9788415952510
041 _aspa
100 _aCarrión, Mar
245 0 _aArenas movedizas
264 _a[Madrid, España] :
_bTerciopelo,
_c2014
300 _a217 páginas
490 _aTerciopelo
650 _aRomance
856 _uhttps://public.digitaliapublishing.com/a/33287
942 _cCF
999 _c77158
_d77158